000 00177 a2200097 4500
020 _a9780141371399
041 _aeng
100 _aRoald Dahl
245 _aEsio Trot
942 _cBK
999 _c29003
_d29001